La Llengua catalana en l'actualitat
Descripción Física:
52 p. ; 26 cm
Otros Autores:
Leprêtre, Marc
Materias:
Català
MARC
| LEADER | 00000nam a2200000Ia 4500 | ||
|---|---|---|---|
| 001 | 9708 | ||
| 003 | BGR | ||
| 005 | 20260324175706.0 | ||
| 008 | 160829s1992 xx 000 0 cat d | ||
| 080 | |a H-1-43 | ||
| 245 | |a La Llengua catalana en l'actualitat | ||
| 250 | |a 2a ed., rev. i amp. / per Marc Leprêtre | ||
| 260 | |a Barcelona : |b Generalitat de Catalunya, Departament de Cultura, |c 1992 | ||
| 300 | |a 52 p. ; |c 26 cm | ||
| 590 | |a A la part superior de la portada: Direcció General de Política Lingüística, Institut de Sociolingüística CatalanavbcrlfPresentat conjuntament amb altres dos llibres sobre Catalunya en una carpeta titulada 'Benvinguts a Catalunya'. | ||
| 650 | |a Català |9 17862 | ||
| 700 | 1 | |a Leprêtre, Marc |9 38044 | |
| 710 | 2 | |a Catalunya. |b Departament de Cultura |9 52819 | |
| 710 | 2 | |a Institut de Sociolingüística Catalana |9 71122 | |
| 901 | |a Arxiu | ||
| 942 | |n 1 |2 udc |c MON | ||
| 952 | |0 0 |1 0 |4 0 |6 H143 |7 1 |9 48216 |a Arxiu |b Arxiu |d 2016-12-01 |l 0 |o H-1-43 |p 9708 |r 2016-12-01 00:00:00 |w 2016-12-01 |y ARXIU | ||
| 999 | |c 52022 |d 52022 | ||